000 00577nam a2200217Ia 4500
005 20260429111938.0
008 260429s9999||||xx |||||||||||||| ||und||
020 _a9789357510356
041 _aEnglish
082 _a338.4791
_bKUM
100 _aKumari, Purnima
245 0 _aTourism promotion /
_cPurnima Kumari
250 _a1st ed.
260 _aNew Delhi :
_bRandom Publications LLP,
_c2023.
300 _axi, 296 p.; hb
650 _a Destination management
650 _a Promotion
650 _a Travel industry
650 _aTourism marketing
942 _cTB
999 _c51556
_d51556